Fluidization

-д хадгалсан:
Номзүйн дэлгэрэнгүй
Үндсэн зохиолчид: Davidson, John Frank (Зохиогч), Clift, Roland (Зохиогч), Harrison, David (Зохиогч)
Формат: Ном
Хэл сонгох:англи
Хэвлэсэн: Londres Academic Press 1985
Хэвлэл:2a. ed
Нөхцлүүд:
Шошгууд: Шошго нэмэх
Шошго байхгүй, Энэхүү баримтыг шошголох эхний хүн болох!

MARC

LEADER 00000nam a2200000 a 4500
001 UCV7086
003 CL-VaPUC
008 921204e19850000UK |||||||||||||||||eng|d
082 0 4 |a 660.284  |b DAV  |2 21 
100 0 |a Davidson, John Frank  |e author  |9 301096 
700 0 |a Clift, Roland  |e author  |9 301097 
700 0 |a Harrison, David  |e author  |9 301098 
245 1 0 |a Fluidization 
250 |a 2a. ed 
300 |a 733 p 
942 |c BK 
945 |d 19921204 00:00:00 
260 |a Londres  |b Academic Press  |c 1985 
650 7 |a FLUIDIZACION  |2 CL-VaPUC  |9 264099 
650 0 |a Tecnología química   |9 263002 
583 |a last modification  |c 19921204 00:00:00  |k Rodrigo Vera 
999 |c 212828  |d 212826 
952 |0 0  |1 0  |4 0  |6 660_284000000000000_DAV_1985  |7 0  |8 A  |9 194500  |a BIBING  |b BIBING  |d 2019-11-14  |i 262673K  |o 660.284 DAV 1985  |p 262673K  |r 2025-01-20  |w 2019-11-14  |y BK  |k EIQ